000 00634cam a2200205 a 4500
001 000006199
005 20200929151954.0
008 951027s1995 ck f001 p spa
020 _a9586122042
040 _aDO-SdBNP
_cDLC
_dDLC
082 _aC861.44
_bB717h
100 1 _aBonnett, Piedad,
_d1951-
_917355
245 1 3 _aEl hilo de los días /
_cPiedad Bonnett Vélez.
260 _aColombia :
_bColcultura,
_c1995.
300 _a85 p. ;
_c21 cm.
586 _aPremios nacionales de cultura, 1994.
650 4 _aPoesía colombiana
_93742
650 4 _aLiteratura colombiana
_ySIGLO XXI
_914720
910 _aCatalogación por copia / LC
999 _c5994
_d5994